| 000 | 00570nam a22001817a 4500 | ||
|---|---|---|---|
| 999 |
_c525414 _d525414 |
||
| 003 | NUST | ||
| 005 | 20190702054605.0 | ||
| 038 | _aFaiza | ||
| 082 |
_a320.9547 _bABD |
||
| 100 |
_aAbdul Rasheed _916280 |
||
| 245 |
_aRiasat wa hakumat : _b Allama Iqbal aur Asri Masail / _cAbdul Rasheed. |
||
| 260 |
_aGujrat : _bUniversity of Gujrat, _c2013. |
||
| 300 |
_aill, 274 p. : _c20 cm. |
||
| 500 | _aHardback. | ||
| 880 |
_6100-01\r _a,عبدالرشید |
||
| 880 |
_6245-02\r _a/ ریاست و حکومت : علامہ اقبال اور عصری مسائل |
||
| 942 |
_2ddc _cBK |
||